NFL history and NFL general knowledge - Statistics

General Stats
  • This quiz has been taken 365 times
  • The average score is 6 of 10
Answer Stats
Hint Answer % Correct
The team who wins the two first Superbowls Packers
90%
What is the name of the Superbowl Trophy ? Vince Lombardi Trophy
81%
The team with the most consecutive Superbowl's appearances Bills
73%
The team with four Superbowl's appearances, 0 win, and 0 point in first half every time Vikings
69%
The Lions, the Browns and the Jaguars have no appearance for Superbowl, what is the last team of this list? Texans
67%
The city with the most Superbowl played Miami
58%
The team with the most Superbowl lost Patriots/Broncos
57%
The team with two consecutives Superbowl wins, two times Steelers
53%
The team with two Superbowl's appearances and two wins Ravens
50%
Which QB beats two times Tom Brady in Superbowl Eli Manning
21%
No matching quizzes found
Score Distribution
Percent of People with Each Score
Percentile by Number Answered
Your Score History
You have not taken this quiz